Library Banner

Urban artificial intelligence : (Record no. 139911)

MARC details
000 -LEADER
fixed length control field 00552nam a22001697a 4500
005 - DATE AND TIME OF LATEST TRANSACTION
control field 20260226094103.0
008 - FIXED-LENGTH DATA ELEMENTS--GENERAL INFORMATION
fixed length control field 260226b |||||||| |||| 00| 0 eng d
020 ## - INTERNATIONAL STANDARD BOOK NUMBER
International Standard Book Number 9781032861234 (pbk)
040 ## - CATALOGING SOURCE
Transcribing agency PK-LaUMT
082 ## - DEWEY DECIMAL CLASSIFICATION NUMBER
Classification number 711.4
Item number YIG-U
100 ## - MAIN ENTRY--PERSONAL NAME
Personal name Yigitanlar, Tan
245 ## - TITLE STATEMENT
Title Urban artificial intelligence :
Remainder of title a guidebook for understanding perceptions and ethics /
Statement of responsibility, etc by Tan Yigitcanlar
260 ## - PUBLICATION, DISTRIBUTION, ETC. (IMPRINT)
Place of publication, distribution, etc Boca Raton :
Name of publisher, distributor, etc CRC Press,
Date of publication, distribution, etc 2025
300 ## - PHYSICAL DESCRIPTION
Extent 393 p.
650 ## - SUBJECT ADDED ENTRY--TOPICAL TERM
Topical term or geographic name as entry element Artificial intelligence-Moral and ethical aspects
942 ## - ADDED ENTRY ELEMENTS (KOHA)
Koha item type Books
Holdings
Withdrawn status Lost status Damaged status Home library Current library Date acquired Full call number Barcode Date last seen Price effective from Koha item type
      UMT Main Campus UMT Main Campus 2026-02-26 711.4 YIG-U 151697 2026-02-26 2026-02-26 Books